<?xml version='1.0' encoding='UTF-8'?>
  <record xmlns="http://www.loc.gov/MARC21/slim">
    <leader>00000cam a2200000 i 4500</leader>
    <controlfield tag="001">ocm80022157</controlfield>
    <controlfield tag="003">OCoLC</controlfield>
    <controlfield tag="005">20260120201352.9</controlfield>
    <controlfield tag="008">000327s1475    gw            000 0 lat d</controlfield>
    <datafield tag="040" ind1=" " ind2=" ">
      <subfield code="a">HUV</subfield>
      <subfield code="b">eng</subfield>
      <subfield code="e">rda</subfield>
      <subfield code="e">dcrmr</subfield>
      <subfield code="c">HUV</subfield>
      <subfield code="d">OCLCG</subfield>
      <subfield code="d">HDC</subfield>
      <subfield code="d">OCLCA</subfield>
      <subfield code="d">OCLCQ</subfield>
      <subfield code="d">OCLCF</subfield>
      <subfield code="d">OCL</subfield>
      <subfield code="d">OCLCQ</subfield>
      <subfield code="d">OCLCO</subfield>
      <subfield code="d">OCLCQ</subfield>
      <subfield code="d">OCLCL</subfield>
      <subfield code="d">OCLCQ</subfield>
      <subfield code="d">OCLCL</subfield>
      <subfield code="d">QGJ</subfield>
      <subfield code="d">OCLCO</subfield>
      <subfield code="d">QGJ</subfield>
      <subfield code="d">OCLCO</subfield>
    </datafield>
    <datafield tag="035" ind1=" " ind2=" ">
      <subfield code="a">(OCoLC)80022157</subfield>
    </datafield>
    <datafield tag="082" ind1="0" ind2="4">
      <subfield code="a">252/.014</subfield>
      <subfield code="q">OCoLC</subfield>
      <subfield code="2">20/eng/20231120</subfield>
      <subfield code="1">https://id.oclc.org/worldcat/ddc/E36T8qQjb6VKVfkCm6fWYBj7wC</subfield>
    </datafield>
    <datafield tag="100" ind1="0" ind2=" ">
      <subfield code="a">Leo</subfield>
      <subfield code="b">I,</subfield>
      <subfield code="c">Pope,</subfield>
      <subfield code="d">-461,</subfield>
      <subfield code="e">author.</subfield>
      <subfield code="4">aut</subfield>
      <subfield code="1">https://id.oclc.org/worldcat/entity/E39PCjFQ4YJbxvk7CBYQGcyBKd</subfield>
    </datafield>
    <datafield tag="240" ind1="1" ind2="0">
      <subfield code="a">Sermons</subfield>
    </datafield>
    <datafield tag="245" ind1="1" ind2="0">
      <subfield code="a">Liber sermonu[m] sancti leonis primi pape doctoris floridissimi ac elequentissimi</subfield>
    </datafield>
    <datafield tag="264" ind1=" " ind2="1">
      <subfield code="a">[Cologne] :</subfield>
      <subfield code="b">[Bartholomaeus de Unkel],</subfield>
      <subfield code="c">[1475]</subfield>
    </datafield>
    <datafield tag="300" ind1=" " ind2=" ">
      <subfield code="a">[126] leaves ;</subfield>
      <subfield code="c">30 cm (folio)</subfield>
    </datafield>
    <datafield tag="336" ind1=" " ind2=" ">
      <subfield code="a">text</subfield>
      <subfield code="b">txt</subfield>
      <subfield code="2">rdacontent</subfield>
    </datafield>
    <datafield tag="337" ind1=" " ind2=" ">
      <subfield code="a">unmediated</subfield>
      <subfield code="b">n</subfield>
      <subfield code="2">rdamedia</subfield>
    </datafield>
    <datafield tag="338" ind1=" " ind2=" ">
      <subfield code="a">volume</subfield>
      <subfield code="b">nc</subfield>
      <subfield code="2">rdacarrier</subfield>
    </datafield>
    <datafield tag="340" ind1=" " ind2=" ">
      <subfield code="m">folio</subfield>
      <subfield code="2">rdabf</subfield>
    </datafield>
    <datafield tag="340" ind1=" " ind2=" ">
      <subfield code="k">2 columns</subfield>
    </datafield>
    <datafield tag="500" ind1=" " ind2=" ">
      <subfield code="a">Title from incipit main work (leaf [5] recto): Liber sermonu[m] sancti leonis primi pape doctoris floridissimi ac elequentissimi incipit feliciter: Sermo primus de ordinatione sua i[n] pontifice[m]:...</subfield>
    </datafield>
    <datafield tag="500" ind1=" " ind2=" ">
      <subfield code="a">Publication statement from ISTC. Date of publication according to GW: approximately 1475.</subfield>
    </datafield>
    <datafield tag="500" ind1=" " ind2=" ">
      <subfield code="a">Leaves [2] recto-verso contain a letter of dedication by Johannes Andreas, also known also Giovanni Andrea Bussi to pope Paul II, with incipit: Johannis andree episcopi aleriensis ad summu[m] pontifice[m] paulum secundu[m] Venetum epistola in laudem ip[s]ius sancti leonis pape incipit feliciter. Followed by a table of contents (leaf [2] recto-[4] recto): Sequuntur rubrice tocius operis per ordinem.</subfield>
    </datafield>
    <datafield tag="500" ind1=" " ind2=" ">
      <subfield code="a">Explicit (leaf [125] verso): Expliciu[n]t s[er]mo[n]es leonis pape</subfield>
    </datafield>
    <datafield tag="500" ind1=" " ind2=" ">
      <subfield code="a">Text printed in two columns.</subfield>
    </datafield>
    <datafield tag="500" ind1=" " ind2=" ">
      <subfield code="a">Capital spaces without guide letters.</subfield>
    </datafield>
    <datafield tag="500" ind1=" " ind2=" ">
      <subfield code="a">Signatures (GW): [a⁴ b-m¹⁰ n¹²]; leaf [a]1, [a]4v and [n]12 are blank.</subfield>
    </datafield>
    <datafield tag="500" ind1=" " ind2=" ">
      <subfield code="a">Signatures (BIB-Ink): [*⁴ a-l¹⁰ m¹²].</subfield>
    </datafield>
    <datafield tag="500" ind1=" " ind2=" ">
      <subfield code="a">Contains also: Symbolum Nicaenum; and: Testimonia quod Jesus semper verus sit deus et verus homo. (= Idem contra euticen hereticu[m], leaf [125] recto)</subfield>
    </datafield>
    <datafield tag="510" ind1="4" ind2=" ">
      <subfield code="a">Incunabula short title catalogue (ISTC),</subfield>
      <subfield code="c">il00133000</subfield>
      <subfield code="u">https://data.cerl.org/istc/il00133000</subfield>
    </datafield>
    <datafield tag="510" ind1="4" ind2=" ">
      <subfield code="a">Gesamtkatalog der Wiegendrucke,</subfield>
      <subfield code="c">M17803</subfield>
      <subfield code="u">https://www.gesamtkatalogderwiegendrucke.de/docs/M17803.htm</subfield>
    </datafield>
    <datafield tag="510" ind1="4" ind2=" ">
      <subfield code="a">Incunabula in Dutch Libraries,</subfield>
      <subfield code="c">2907</subfield>
    </datafield>
    <datafield tag="510" ind1="4" ind2=" ">
      <subfield code="a">Bayerische Staatsbibliothek Inkunabelkatalog,</subfield>
      <subfield code="c">L-100.050</subfield>
      <subfield code="u">https://inkunabeln.digitale-sammlungen.de/Ausgabe_L-100.050.html</subfield>
    </datafield>
    <datafield tag="510" ind1="4" ind2=" ">
      <subfield code="a">Hain, L. Repertorium bibliographicum,</subfield>
      <subfield code="c">7947 (II)</subfield>
    </datafield>
    <datafield tag="510" ind1="4" ind2=" ">
      <subfield code="a">Catalogue of books printed in the XVth century now in the British Museum (1963-1971 edition),</subfield>
      <subfield code="c">I 241</subfield>
    </datafield>
    <datafield tag="510" ind1="4" ind2=" ">
      <subfield code="a">Voulliéme, E. Buchdruck Kölns bis zum Ende des fünfzehnten Jahrhunderts,</subfield>
      <subfield code="c">739</subfield>
    </datafield>
    <datafield tag="510" ind1="4" ind2=" ">
      <subfield code="a">Proctor, R. Index to the early printed books in the British Museum,</subfield>
      <subfield code="c">1138</subfield>
    </datafield>
    <datafield tag="650" ind1=" " ind2="0">
      <subfield code="a">Sermons, Latin.</subfield>
    </datafield>
    <datafield tag="650" ind1=" " ind2="6">
      <subfield code="a">Sermons latins.</subfield>
    </datafield>
    <datafield tag="650" ind1=" " ind2="7">
      <subfield code="a">Sermons, Latin</subfield>
      <subfield code="2">fast</subfield>
    </datafield>
    <datafield tag="650" ind1=" " ind2="7">
      <subfield code="a">Incunabula</subfield>
      <subfield code="2">fast</subfield>
    </datafield>
    <datafield tag="655" ind1=" " ind2="2">
      <subfield code="a">Incunabula</subfield>
    </datafield>
    <datafield tag="655" ind1=" " ind2="7">
      <subfield code="a">incunabula (books)</subfield>
      <subfield code="2">aat</subfield>
    </datafield>
    <datafield tag="655" ind1=" " ind2="7">
      <subfield code="a">Incunables.</subfield>
      <subfield code="2">rvmgf</subfield>
    </datafield>
    <datafield tag="700" ind1="1" ind2=" ">
      <subfield code="a">Bussi, Giovanni Andrea,</subfield>
      <subfield code="d">1417-1475,</subfield>
      <subfield code="e">dedicator.</subfield>
      <subfield code="4">dto</subfield>
      <subfield code="1">https://id.oclc.org/worldcat/entity/E39PBJdGRYMMCTYRTxytkPdqQq</subfield>
    </datafield>
    <datafield tag="700" ind1="0" ind2=" ">
      <subfield code="a">Paul</subfield>
      <subfield code="b">II,</subfield>
      <subfield code="c">Pope,</subfield>
      <subfield code="d">1417-1471,</subfield>
      <subfield code="e">dedicatee.</subfield>
      <subfield code="4">dte</subfield>
      <subfield code="1">https://id.oclc.org/worldcat/entity/E39PBJxrWkpRcMrbt7dGhKcwYP</subfield>
    </datafield>
    <datafield tag="700" ind1="0" ind2=" ">
      <subfield code="a">Bartholomaeus,</subfield>
      <subfield code="c">de Unkel,</subfield>
      <subfield code="d">active 1475-1485,</subfield>
      <subfield code="e">printer.</subfield>
      <subfield code="4">prt</subfield>
      <subfield code="1">https://id.oclc.org/worldcat/entity/E39PCjKktMgbJvRX7q4dMPPgjC</subfield>
    </datafield>
    <datafield tag="752" ind1=" " ind2=" ">
      <subfield code="a">Germany</subfield>
      <subfield code="d">Cologne,</subfield>
      <subfield code="e">publication place.</subfield>
      <subfield code="4">pup</subfield>
    </datafield>
    <datafield tag="758" ind1=" " ind2=" ">
      <subfield code="i">has work:</subfield>
      <subfield code="a">Tome 3 Sermons (Text)</subfield>
      <subfield code="1">https://id.oclc.org/worldcat/entity/E39PCG9WFvkhJxvWkJBPwr3G73</subfield>
      <subfield code="4">https://id.oclc.org/worldcat/ontology/hasWork</subfield>
    </datafield>
    <datafield tag="936" ind1=" " ind2=" ">
      <subfield code="a">BATCHLOAD</subfield>
    </datafield>
  </record>